[Event "La Rosiere op"]
[Site "Bourg Saint Maurice"]
[Date "2013.08.31"]
[Round "7"]
[White "Fromherz, Audrey"]
[Black "Bovis, Claude"]
[Result "1-0"]
[WhiteElo "1388"]
[BlackElo "1543"]
[PlyCount "77"]
[EventDate "2013.08.25"]
[EventType "swiss"]
[EventRounds "7"]
[EventCountry "FRA"]
[SourceTitle "EXT 2015"]
[Source "ChessBase"]
[SourceDate "2014.11.20"]
[SourceVersion "1"]
[SourceVersionDate "2014.11.20"]
[SourceQuality "1"]

1. e4 c5 2. Nf3 Nc6 3. d4 cxd4 4. Nxd4 e6 5. c4 Nf6 6. Nc3 Bb4 7. Nxc6 Bxc3+ 8. bxc3 bxc6 9. Bd3 Qa5 10. Bd2 0-0 11. 0-0 e5 12. f4 d6 13. Kh1 Qc5 14. Re1 Ng4 15. Re2 Nf2+ 16. Rxf2 Qxf2 17. Qc2 Qc5 18. Re1 Ba6 19. Qa4 Qb6 20. c5 Qxc5 21. Bxa6 Qf2 22. Qd1 exf4 23. Rf1 Qb6 24. Bd3 Qb2 25. Bb1 g5 26. Qh5 f6 27. e5 Rf7 28. exf6 Qb5 29. Re1 Rb8 30. Bc2 Rbf8 31. Bb3 d5 32. Qxg5+ Kh8 33. Bxf4 Rg8 34. Qh5 Qb7 35. c4 Qb4 36. Rd1 Rg6 37. Bc2 Qxc4 38. Bxg6 Rd7 39. f7 1-0